Responses for show #4123 - Wednesday, July 3, 2002

Contestants

Peter Schmidt, a stay-at-home dad from Pasadena, California

Matt Doyle, a government relations manager from Arlington, Virginia

Jeff Goldfarb, a recent law school graduate from New York, New York (whose 1-day cash winnings total $39,999)

Jeopardy! Round responses

EMPIRES
THE HAYES CODE
CAR CHAT
THE 4th
THE DIGESTIVE SYSTEM
FEELING A BIT "ILL"
    $200 1
the British Empire

Jeff
    $200 16
Rutherford B. Hayes

Peter
    $200 21
a carburetor

Jeff
    $200 11
John

Matt
    $200 6
saliva

Jeff
    $200 26
(Jeff: What is an illustration?)

a still photograph

Jeff
Triple Stumper
    $400 2
the Spanish Empire

Jeff
    $400 17
Hitchcock

Peter
    $400 22
shocks

Jeff
    $400 12
time

Peter
    $400 7
bile

Jeff
    $400 27
swill

Peter
    $600 3
the Holy Roman Empire

Jeff
    $600 18
Helen Hayes

Jeff
    $600 23
the tachometer

Matt
    $600 13
delta

Jeff
    $600 8
a straw

Jeff
    $600 28
dill (pickle)

Jeff
    $800 4
Hungary

Jeff
    $800 19
Isaac Hayes

Peter
    $800 24
the choke

Triple Stumper
    $800 14
(Peter: What is Rutgers?)

Princeton

MattPeter
    $800 9
lactose intolerance

Matt
    $800 29
a flotilla

Triple Stumper
    $2,000 5
the Inca Empire

Jeff
    $1000 20
Maddie Hayes

Matt
    $1000 25
discs

Matt
    $1000 15
(Matt: What is Russia?)

Indonesia

JeffMatt
    $1000 10
peristalsis

Triple Stumper
    $1000 30
a cotillion

Matt

Scores at the first commercial break (after clue 15):

Jeff Matt Peter
$6,800 $800 -$400

Scores at the end of the Jeopardy! Round:

Jeff Matt Peter
$8,400 $4,400 $1,400

Double Jeopardy! Round responses

THE FIRTH OF FORTH
NOT REALLY MARRIED
(Alex: We want you to name both halves of the couple.)
CLINTON'S BILLS
SPORTSMEN
BOOKS OF THE '70s
"DOUBLE" TROUBLE
    $400 15
(Jeff: What's a city?)

a river

JeffMatt
    $400 26
(Peter: Who are Fred Astaire & Ginger Rogers?)

Fred & Ginger Rogers

JeffPeter
    $400 21
police officers

Jeff
    $400 1
Shaquille O'Neal

Jeff
    $400 13
the Bermuda Triangle

Peter
    $400 6
a double bill (or double feature)

Matt
    $800 16
(sea) birds

Triple Stumper
    $800 27
Geena & Jefferson Davis

Jeff
    $800 22
Reagan

Peter
    $800 2
Barry Sanders

Peter
    $800 20
Jaws 2

Jeff
    $800 7
double-deckers

Peter
    $1200 17
a fjord

Matt
    $1200 28
Benny & Anita Hill

Jeff
    $1200 23
welfare

Peter
    $1200 3
Bill Russell

Matt
    $1200 14
The Winds of War

Jeff
    $1200 8
double vision

Jeff
    $1600 18
(Matt: Who are the Celts?)

the Romans

MattPeter
    $1600 29
Nancy & Jimmie Walker

Peter
    $1600 24
a Social Security number

Peter
    $3,400 4
Kurt Browning (or Elvis Stojko)

Matt
    $1600 12
Intimidation

Matt
    $1600 9
a double fault

Matt
    $5,000 19
(Andrew) Carnegie

Peter
    $2000 30
Emma & Hunter Thompson

Peter
    $2000 25
the line-item veto

Jeff
    $2000 5
(Sergey) Bubka

Peter
    $2000 11
(Matt: What is Vietnam?)
(Peter: What is the United States?)

Cambodia

MattPeter
Triple Stumper
    $2000 10
a double-entendre

Jeff

Scores at the end of the Double Jeopardy! Round:

Jeff Matt Peter
$18,400 $10,600 $16,800

[wagering suggestions for these scores]

Final Jeopardy! Round responses

U.S. LANDMARKS
MattWhat is Angels Stadiu
$8,400
PeterWhat is the Space Needle
$4,401
JeffWhat is the Space Needle?
$15,201
the Space Needle (in Seattle)

Final scores:

Jeff Matt Peter
$33,601 $2,200 $21,201
2-day champion: $73,600 3rd place: $1,000 2nd place: $2,000

Game dynamics:

Coryat scores:

Jeff Matt Peter
$17,400 $8,800 $13,800
24 R
(including 1 DD),
2 W
14 R
(including 1 DD),
3 W
16 R
(including 1 DD),
3 W

Combined Coryat: $40,000

The J! Archive is created by fans, for fans. The Jeopardy! game show and all elements thereof, including but not limited to copyright and trademark thereto, are the property of Jeopardy Productions, Inc. and are protected under law. This website is not affiliated with, sponsored by, or operated by Jeopardy Productions, Inc. Join the discussion at JBoard.tv.